| 000 | 00692nam a2200193Ia 4500 | ||
|---|---|---|---|
| 003 | GCL | ||
| 008 | 140319s9999 xx 000 0 ara d | ||
| 040 |
_aGCL / _cGCL |
||
| 082 | 0 | 4 |
_a404 _bا ن |
| 100 | 1 | _aاحمد طاهر حسنين | |
| 245 | 1 | 0 |
_aالاكتمال اللغوى عند العرب منهج شامل لتعليم اللغة العربية (الاصوات - الصرف - المهاجم - النحو) / _cاحمد طاهر حسنين |
| 260 |
_a[S.N] : _bهجر للطباعة والنشر ، _c1987 |
||
| 300 | _a368 | ||
| 490 | _a | ||
| 650 | 0 | 4 | _aالنحو |
| 650 | 0 | 4 | _aاللغة العربية |
| 650 | 0 | 4 | _aقواعد اللغة العربية |
| 942 |
_2ddc _cBK |
||
| 999 |
_c53055 _d53055 |
||